[Event "Skilling Open | Prelims"]
[Site "Online"]
[Date "2020.11.23"]
[Round "7.1"]
[White "Le, Quang Liem"]
[Black "Vachier Lagrave, Maxime"]
[Result "0-1"]
[WhiteElo "2744"]
[BlackElo "2860"]
[EventDate "2020.??.??"]
[Annotator "Bojkov,Dejan"]
[PlyCount "50"]
[Beauty "8247410959408"]
[EventType "team-tourn"]

1.e4 c5 2.Nf3 d6 3.d4 cxd4 4.Nxd4 Nf6 5.Nc3 a6 6.g3 {This positional line is a rare occurrence at the top level.} 6...e5 7.Nb3 ( {In another recent game, another Najdorf specialist defended the knightless middlegame after:} 7.Nde2 Be7 8.Bg2 O-O 9.O-O b5 10.Nd5 Nbd7 11.Nec3 Nxd5 12.Nxd5 Nf6 13.Nxf6+ Bxf6 14.Qd3 Be6 15.Rd1 Qc7 16.Be3 Rfd8 {Kryvoruchko,Y (2682)-Cheparinov,I (2686) Linares 2020} ) 7...Be7 8.Bg5 {It seems like Le is all about the d5 square.} 8...Be6 {[#]} 9.f4 $146 {Nope, he has another idea on his mind.} ( {More in the spirit of the previous move was:} 9.Bxf6 {as seen in the predecessor. After:} 9...Bxf6 10.h4 O-O 11.Qd2 a5 12.a4 Na6 13.O-O-O Qb6 {White's position seemed risky and Black quickly took over the initiaive with:} 14.Bb5 Rfd8 15.Rhe1 Nb4 16.Qe3 Qc7 17.Kb1 Rac8 18.Qa7 $2 d5 $1 {Rakotomaharo,F (2438)-Di Nicolantonio,L (2408) Paris 2019} ) 9...exf4 {Vachier-Lagrave does not intend to allow f4-f5.} 10.Bxf4 {Or else Le will have to part with his dark-squared bishop.} ( {As in the line:} 10.gxf4 h6 {It cannot retreat:} 11.Bh4 {Due to the famous tactic:} 11...Nxe4 12.Bxe7 Nxc3 {With better endgame for Black after either:} 13.Qxd6 ( {Or:} 13.Bxd8 Nxd1 14.Rxd1 Kxd8 ) 13...Qxe7 ) 10...Nc6 11.Qd2 O-O 12.O-O-O Ne5 {The most obvious reply. Both sides prepare for play on their flanks and Black can be happy with the opening outcome.} ( {Also interesting was:} 12...Rc8 $5 {As Black as a rule is not afraid to sacrifice the d6 pawn as in the line:} 13.Bxd6 Bg4 14.Bxe7 Qxe7 15.Re1 Ne5 ) 13.Nd4 {An accurate move.} ( {White could have played this on the next move, after something useful like:} 13.Kb1 Rc8 14.Nd4 {However then Black would have had additional choice:} ( 14.Be2 $5 ) 14...Bg4 15.Be2 Nc4 ) 13...Bd7 ( {Here:} 13...Bg4 14.Be2 {does not make sense for Black.} ) 14.Kb1 Rc8 15.h3 {Too sluggish!} ( {Instead:} 15.Nf5 $5 Bxf5 16.exf5 {seemed more reasonable. The bishop on e6 is a very dangerous piece.} ) 15...b5 {Now Vachier-Lagrave would be the first one to push his knight pawn in the battle for the vital central squares.} 16.a3 {Once again Le is not afraid to light a match near the queenside petrol station.} ( {Black is comfortable after:} 16.g4 b4 17.Nd5 Nxd5 18.exd5 a5 {though.} ) 16...Qb6 17.g4 b4 {This is the reason why h2-h3 migth be too slow. Vachier-Lagrave is the first one to open up lines. The Frenchman had massive lead on the clock.} 18.axb4 Qxb4 19.g5 Rxc3 $1 {The only move, but a good one.} ( {Any retreat loses:} 19...Nh5 $2 {For instance drops a piece after:} 20.Nd5 Qxd2 21.Nxe7+ Kh8 22.Bxd2 ) 20.gxf6 $1 {Best. But Vachier-Lagrave keeps blitzing the strongest moves.} ( {Black has more than enough for the exchange in case of:} 20.Qxc3 Qxc3 21.bxc3 Nxe4 ) 20...Rb8 $1 21.Nb3 {Le spent his last remaining few minutes, but could not find the amazing resource.} ( {The stunning:} 21.Nb5 $3 {Would have kept White alive:} 21...Bxb5 22.Qxc3 ( {No time for:} 22.fxe7 Ba4 ) 22...Qxc3 23.bxc3 {Leads to a position which is pleasant for Black after:} 23...Bxf6 $1 ( {Less good is:} 23...Bxf1+ 24.Kc1 Bxf6 25.Rhxf1 {although here too Black should not complain too much.} ) ) 21...Rxb3 $1 {Third strong blow in a row.} 22.cxb3 Qxe4+ 23.Ka1 {Now it all finishes in a jiffy.} ( {But perhaps Le did not even seriously consider:} 23.Bd3 $1 Nxd3 24.Qxd3 {When Black is having large advantage after both:} 24...Qxf4 ( {Or:} 24...Qxd3+ 25.Rxd3 Bf5 26.fxe7 Bxd3+ 27.Ka2 Re8 {followed by f7-f6.} ) 25.Rhf1 Qh4 26.fxe7 Qxe7 {but perhaps White could have saved this?!} ) 23...Bxf6 24.Bg2 Nf3 $1 25.Qe3 {Leads to mate.} ( {But nothing would have been changed after:} 25.Bxf3 Qxf3 26.Qxd6 Bxb2+ ) 25...Qc2 0-1

[Event "Russian Championship Superfinal"]
[Site "Moscow"]
[Date "2020.12.16"]
[Round "11.1"]
[White "Dubov, Daniil"]
[Black "Karjakin, Sergey"]
[Result "1-0"]
[WhiteElo "2702"]
[BlackElo "2752"]
[EventDate "2020.??.??"]
[Annotator "Bojkov,Dejan"]
[PlyCount "75"]
[Beauty "7839389110353"]
[EventType "simul"]
[EventRounds "2"]
[EventCountry "RUS"]

1.e4 e5 2.Nf3 Nc6 3.Bc4 Bc5 4.c3 Nf6 5.d4 exd4 6.b4 {A very rare move. And a top guess by Dubov as we shall witness!} ( {Another old sharp continuation was recently tried in a top GM game:} 6.e5 d5 7.Bb5 Ne4 8.cxd4 Bb6 9.Nc3 O-O 10.Be3 Bg4 11.h3 Bh5 12.Qc2 Nxc3 13.bxc3 {And after a very sharp play} 13...f6 14.Bxc6 bxc6 15.exf6 Bxf3 16.fxg7 Rf7 17.gxf3 Qd6 18.Rg1 c5 19.Rg5 cxd4 20.cxd4 Rxg7 21.Rxg7+ Kxg7 {A highly unorthodox position arose where Black had enough for the pawn in Giri,A (2764)-Carlsen,M (2862) chess24.com 2020} ) 6...Bb6 7.e5 Ne4 8.Bd5 Nxc3 9.Nxc3 dxc3 {All these moves are obvious and logical, as well as Dubov's next novelty.} 10.Bg5 $146 {In the spirit of the old masters. Material is irrelevant; initiative is everything.} ( {An earlier game did not see White gaining much after} 10.O-O h6 11.Qb3 O-O 12.Qxc3 d6 13.exd6 cxd6 14.Rd1 Qe7 15.Bb2 Ne5 16.Nxe5 dxe5 17.Qxe5 Qxe5 18.Bxe5 a5 {Greiff, H-Hansen,L (2562) Copenhagen 2000} ) 10...Ne7 ( {Obviously Karjakin cannot afford playing counter-aggressively with his king in the center:} 10...f6 11.Bh4 g5 $2 12.Nxg5 ) 11.O-O {Karjakin's problems were multiplied because his opponent was practically blitzing his moves.} 11...h6 {Getting ready to swap this bishop.} 12.Bh4 O-O ( {Once again a super-optimistic move like} 12...g5 {can easily backfire. White can simply retreat:} 13.Bg3 ( {Or choose to strip the opponent's king of its defenders with} 13.Nxg5 Nxd5 14.Nf3 Ne7 15.Re1 {With the black king stuck in the middle, Black should not survive.} ) ) 13.Re1 Qe8 {One pin is broken, and the knight is ready to help.} 14.Bb3 {Dubov keeps the bishop pointed at the enemy king.} ( 14.Be4 {looks weaker due to} 14...Ng6 15.Bg3 a5 ) 14...a5 {Aiming to chase the white bishop once and for all. And this might well be the crucial mistake!} ( {According to the machine, Black has a chance to fight on with} 14...Nf5 15.Qd3 d6 $1 16.exd6 Qd7 17.Rad1 cxd6 18.Bc2 Qc6 {The point being that he is not afraid of} 19.g4 g6 $1 {However, who knows how deeply Dubov analyzed here.} ) 15.Bf6 $1 {The first in-depth thought by Dubov, and a smashing move! The machine is getting wild and immediately claims a decisive attack for the first player.} 15...a4 $2 {This is definitely a mistake.} ( {Obviously, there is no time for queenside fun:} 15...axb4 16.Nh4 {would have witnessed the black castle burn after the inevitable Qd1-g4.} ) ( {Also,} 15...gxf6 16.exf6 {does not provide any saving chances.} ) ( {Perhaps} 15...Nf5 {is the best practical chance. Then White should refrain from} 16.Nh4 ( {Stronger is} 16.g4 gxf6 17.gxf5 {but then} 17...d5 {promises Black chances. The feeling is that the second player should be checkmated somehow, but even if it is possible, great precision is required.} ) ( {Comparing with a line from the next note,} 16.Qd3 {does not work well for White due to} 16...d5 17.exd6 Qd7 18.Be7 Nxe7 {and the white queen is hanging on d3.} ) 16...Nxh4 17.Qg4 {with seemingly inevitable mate after} 17...Ng6 ( {However Black has the defense} 17...Nf5 $1 18.Qxf5 d5 {(Radjabov) and it is Black who is better.} ) 18.Qxg6 ) 16.Bc4 Ng6 ( {Here} 16...Nf5 {can be met with} 17.Qd3 d5 18.exd6 Qd7 19.Be7 {Since the rook can't move:} 19...Re8 ( {There is no more} 19...Nxe7 20.dxe7 Re8 ( 20...Qxd3 21.exf8=Q+ ) 21.Bxf7+ $1 ) 20.Bxf7+ $1 {and wins.} ) 17.Qd3 {Dubov goes for a concrete line.} ( {Here, a bit more precise is} 17.Qc2 $1 {practically forcing the line} 17...d5 18.exd6 Be6 19.Bxc3 cxd6 20.Qxg6 fxg6 21.Rxe6 Qf7 22.Rxg6 Qxc4 23.Rxg7+ Kh8 24.Rc7+ Qxc3 25.Rxc3 {which White should win.} ) 17...d5 18.exd6 Be6 {For a moment it seems that Karjakin is safe, but...} 19.Qxg6 $3 fxg6 20.Rxe6 {This was apparently foreseen by White in advance. The discovered-check threats leave Karjakin no time to defend.} 20...Qf7 ( {Maybe he should have tried} 20...Qc6 $1 21.Re7+ Qxc4 22.Rxg7+ Kh8 23.Rxc7+ Rxf6 24.Rxc4 Rxd6 25.Rxc3 g5 {in comparison with the identical line from above, the black pawns are healthier and his pieces more active, which coupled with the good bishop promises Black drawing chances.} ) 21.Bxc3 Kh8 {Missing his last chance.} ( {The in-between capture} 21...Bxf2+ $1 22.Kxf2 ( {There's no:} 22.Kh1 $2 b5 $1 ) 22...Kh8 23.Re4 Qf5 {would have been the most stubborn defense. White is clearly better after} 24.Bd3 ( {An important detail is that} 24.Re7 $2 Qc2+ {loses for White.} ) 24...Qd5 25.Rd4 {as the three pieces are superior to the queen, but there is plenty of play left.} ) 22.Re4 Qf5 23.Re7 {There is no adequate way to defend on g7.} 23...Rg8 ( {Here} 23...Bxf2+ 24.Kh1 {achieves nothing for Black.} ) 24.Bxg8 Rxg8 25.dxc7 Qc2 26.Be5 Bxf2+ 27.Kh1 Bb6 28.h3 {White is dominating, and Dubov has all the time to prepare the rook sortie. Once that the last piece joins the battle, the c-passer decides.} 28...Kh7 ( {Nothing changes} 28...a3 29.Kh2 ) 29.Re1 a3 ( {Likewise, Black cannot defend after} 29...g5 30.Nd4 Bxd4 31.Bxd4 ) 30.Kh2 ( {Or:} 30.Nd4 Bxd4 31.Bxd4 b5 32.Rd7 {doubling the rooks along the seventh rank.} ) 30...g5 31.Nd4 Qc4 32.Nf5 Qxb4 ( 32...g4 33.Bxg7 {is decisive.} ) 33.Rc1 {It is all over after} 33...Kg6 34.Rxg7+ Kxf5 35.Rxg8 Bxc7 36.Bxc7 Qb2 37.Rc5+ Ke4 38.Rd8 1-0

[Event "Airthings Masters | Prelims"]
[Site "Online"]
[Date "2020.12.27"]
[Round "5"]
[White "Carlsen, Magnus"]
[Black "Dubov, Daniil"]
[Result "1-0"]
[WhiteElo "2881"]
[BlackElo "2770"]
[EventDate "2020.??.??"]
[Annotator "Bojkov,Dejan"]
[PlyCount "115"]
[Beauty "6529021386248"]
[EventType "simul"]
[EventRounds "2"]

1.e4 c5 2.Nf3 Nc6 3.Bb5 g6 4.O-O Bg7 5.Bxc6 bxc6 ( {Black's more common reply is:} 5...dxc6 ) 6.Re1 Nh6 ( {Carlsen's recent treatment of the line was} 6...Qc7 7.h3 d6 8.c3 Nf6 9.d4 cxd4 10.cxd4 O-O 11.Nc3 Bb7 12.e5 dxe5 13.dxe5 Rfd8 14.Qc2 Nd5 {as in Giri,A (2776)-Carlsen,M (2870) Kolkata 2019} ) 7.c3 O-O 8.d4 cxd4 9.cxd4 d5 10.e5 f6 11.h3 fxe5 12.dxe5 ( {Apparently, both players were familiar with this miniature:} 12.Bxh6 Bxh6 13.Nxe5 Qb6 14.Re2 Rf4 15.Qc2 Bf5 ( 15...Ba6 $1 ) 16.Qxc6 Rc8 17.Qa4 Rxd4 18.Qa3 Rd1+ 19.Kh2 Bf4+ 20.g3 Bxe5 {0-1 (20) Maghsoodloo,P (2676) -Praggnanandhaa,R (2608) chess.com 2020} ) 12...c5 $146 ( {A novelty:} 12...Nf7 13.Nc3 Be6 14.Na4 Bf5 15.Nc5 Qb6 16.Qd4 Nd6 17.Bg5 Nb5 18.Qe3 Rae8 19.Rac1 {Garifullina, L (2132)-Buksa,N (2410) St Petersburg 2018} ) 13.b4 $1 {A powerful way to attack the (almost) hanging central pawns.} 13...cxb4 14.a3 d4 $1 {And a good practical decision by Dubov in return. The Russian GM brings out his light-squared bishop at the price of a pawn and forces his opponent into defense.} ( {He could have also defended patiently with} 14...bxa3 15.Bxa3 Nf7 {although White's compensation for the pawn is obvious.} ) 15.axb4 Bb7 16.Nbd2 ( {Black looks even more pleasant in the endgame after} 16.Qxd4 Bxf3 17.Qxd8 Raxd8 18.gxf3 Nf5 ) ( {Whereas in the line} 16.Nxd4 Qd5 17.Qb3 Nf5 18.Qxd5+ Bxd5 19.Nxf5 Rxf5 {it is the second player who has compensation for the pawn, thanks to his active pieces and the bishop pair.} ) 16...a5 17.Rxa5 Rxa5 18.bxa5 Qxa5 19.Nxd4 Nf5 {At the end of the day, Dubov sacrificed a pawn. In return he has brought back his knight into the game and developed his remaining pieces aggressively. Carlsen has to watch out.} 20.N4f3 ( {Otherwise, it will be more difficult to deal with the threats on the long diagonal after:} 20.Nxf5 Rxf5 21.Bb2 Qd5 ) 20...Qd5 21.Bb2 Bh6 22.e6 Rd8 23.Qe2 Qd3 {Forcing an endgame where all the pawns are on the same flank and where the exposed e6-pawn will be soon lost.} ( {There were other ways to treat the position, like:} 23...Rd6 $5 {In both cases Black would have enough for the pawn.} ) 24.Qxd3 Rxd3 25.Ne4 Bxe4 {The same strategy as before.} ( {However, a more convincing way is to activate the rook with} 25...Rb3 $5 26.Ba1 ( {Then the obvious} 26.Be5 {allows a nice tactical shot:} 26...Rxf3 $1 27.gxf3 Nh4 {with multiple forks coming.} ) 26...Bxe4 27.Rxe4 Rb1+ 28.Re1 Rxe1+ 29.Nxe1 Ng7 $10 {with an instant draw as the e6-pawn is not going anywhere.} ) 26.Rxe4 Bg7 27.Be5 Bxe5 28.Nxe5 Rd1+ 29.Kh2 Kg7 {Dubov is ready to pick up the pawn, but Carlsen keeps squeezing more water out of this stone.} 30.g4 Nd6 31.Re3 g5 32.Kg2 h6 33.Nc6 Kf6 34.Rf3+ $1 {Otherwise, Dubov would have selected Nd6-c8, defending the pawn on e7, and then he would have regained the one on e6 for free with the Rd1-d6xe6 maneuver.} 34...Kxe6 35.Re3+ Kf6 36.Nxe7 Nc4 37.Re4 Nd6 38.Re2 Rd3 39.Nc6 Nf7 {The beginning of a nice maneuver.} 40.Re3 Rd7 ( {The computer also claims a draw after} 40...Rxe3 41.fxe3 {but a human being with classical chess knowledge will never enter a knight endgame down a pawn when defending.} ) 41.Ra3 Nh8 $1 {The point. The knight finds the best outpost.} 42.Nb8 Rb7 43.Ra6+ Kg7 44.Nc6 Ng6 45.Nd4 Nh4+ $1 {The right square. From here the knight defends the vital f5-spot.} 46.Kg3 Rb1 {Time trouble starts to tell now.} ( {It would have been a draw after} 46...Rb4 47.Ne6+ Kf7 48.f4 Rb3+ 49.Kh2 Rb2+ ) 47.f4 $1 {Now Carlsen gets a realistic chance.} 47...Rg1+ 48.Kf2 Rg2+ 49.Kf1 Rd2 {The black pieces are active but vulnerable.} ( {No time to capture the pawn.} 49...gxf4 50.Nf5+ $1 ) 50.Ne6+ Kf7 ( {There is still a very slim path to salvation. The nonhuman move} 50...Kh8 $3 {could still save Black. He intends to build the "perpetuum mobile" defensive mechanism showed by Nimzowitsch and needs the knight on f3 to be left in peace. Then} 51.fxg5 {would not be a problem:} ( {White would most likely fight on with} 51.f5 {but there too the computer believes that he can survive, thanks to his active pieces with} 51...Kg8 ( {rather than} 51...Nf3 52.Ra3 ) ) 51...Nf3 $1 52.gxh6 ( {It is almost a draw after} 52.Ra3 Nxg5 ) 52...Nh2+ 53.Kg1 Nf3+ $10 {with perpetual.} ) 51.fxg5 Nf3 52.g6+ $1 {That's the problem with Black's king position.} 52...Ke7 ( {Alas, the king cannot step onto the sixth rank:} 52...Kxg6 53.Nd4+ ) 53.Ra3 Nh2+ 54.Ke1 {Carlsen defended everything and won after} 54...Rd6 55.Nf4 Kf6 56.Ke2 Rd7 57.Ra6+ Ke5 58.Nh5 1-0